LEADER 00871nam0 2200277 450 001 000019686 005 20081119153349.0 100 $a20081119d1982----km-y0itay50------ba 101 1 $aita 102 $aIT 105 $ay-------001yy 200 1 $aSaggi di analisi economica dinamica$fRichard M. Goodwin$gedizione italiana a cura di Lionello F. Punzo 210 $aRoma$cNIS$d1982 215 $a295 p.$d22 cm 225 2 $aStudi NIS economia$v1 410 0$12001$aStudi NIS economia 500 10$aEssays in economic dynamics$m$926957 610 1 $aEconomia 676 $a330.8$v18 700 1$aGoodwin,$bRichard Murphey$0237533 702 1$aPunzo,$bLionello F. 801 0$aIT$bUNIPARTHENOPE$c20081119$gRICA$2UNIMARC 912 $a000019686 951 $a023/115$b4005$cNAVA2$d2008 996 $aEssays in economic dynamics$926957 997 $aUNIPARTHENOPE LEADER 01115nam0 22002891i 450 001 UON00205979 005 20231205103313.975 010 $a04-601-0574-4 100 $a20030730d1974 |0itac50 ba 101 $aeng 102 $aGB 105 $a|||| 1|||| 200 1 $aJoseph Conrad$ethe modern imagination$fC.B. Cox 210 $aLondon$cJ.M. Dent & sons ; Totowa, N.J.$cRowman & Littlefield$d1974 215 $avii, 191 p.$d22 cm. 606 $aCONRAD JOSEPH$3UONC038284$2FI 620 $aGB$dLondon$3UONL003044 676 $a820.09$cLetteratura inglese e in antico inglese. Storia, descrizione, studi critici$v21 700 1$aCOX$bC.B.$3UONV123560$0465003 712 $aDent & Sons$3UONV258498$4650 712 $aRowman & Littlefield$3UONV251632$4650 801 $aIT$bSOL$c20240220$gRICA 899 $aSIBA - SISTEMA BIBLIOTECARIO DI ATENEO$2UONSI 912 $aUON00205979 950 $aSIBA - SISTEMA BIBLIOTECARIO DI ATENEO$dSI Angl V B CON COX $eSI LO 26063 5 996 $aJoseph Conrad$91257039 997 $aUNIOR